Największy sąsiad - Statystyki

Ogólne statystyki
  • Ten quiz został rozwiązany 22 razy
  • Średni wynik to 13 z 16
Statystyki odpowiedzi
Powierzchnia Kraj % Poprawnych
NOWA KOLEJKA : POLSKA -
95%
17 098 242km2 Rosja
95%
9 596 961Km2 Chiny
89%
551 695km2 Francja
89%
505 990km2 Hiszpania
89%
301 340km2 Włochy
89%
NOWA KOLEJKA : KOSTARYKA -
84%
NOWA KOLEJKA : SUDAN PŁD -
79%
NOWA KOLEJKA : RPA -
79%
1 246 700km2 Angola
74%
2 334 858km2 Demokratyczna Republika Konga
74%
824 292km2 Namibia
74%
1 246 700km2 Angola
68%
2 344 858km2 Demokratyczna Republika Konga
68%
112 492km2 Honduras
68%
130 373km2 Nikaragua
68%
Nie znaleziono quizów pasujących do podanych kryteriów
Rozkład punktacji
Procent ludzi z każdym wynikiem
Percentyl według liczby udzielonych odpowiedzi
Twoja historia wyników
Nie rozwiązałeś tego quizu